000 00501cam a2200169 4500500
005 20260405002503.0
041 _afre
042 _adc
100 1 0 _aDenieuil, Marie
_eauthor
245 0 0 _aMarx / “Le Capital”
260 _c2017.
500 _a69
690 _aCapital
690 _aMarx
786 0 _nPhilosophie magazine | 111 | 7-8 | 2017-07-01 | p. 49-49 | 1951-1787
856 4 1 _uhttps://shs.cairn.info/magazine-philosophie-magazine-2017-7-8-page-49?lang=fr&redirect-ssocas=7080
999 _c2058128
_d2058128